000
00279nam a2200145Ia 4500
100
_a
Liberty/Jesse
650
_a
General
942
_c
BK
654
_a
clouds
245
_a
Clouds to Code
260
_b
Wrox
082
_a
005.113/LIB
_b
LIB
546
_a
ENGLISH
999
_c
20627
_d
20627